| 000 | 00602nam a2200181Ia 4500 | ||
|---|---|---|---|
| 008 | 151202s9999||||xx |||||||||||||| ||und|| | ||
| 082 | _bPNVM-76660 | ||
| 100 | _aप्रभु मीना | ||
| 245 | _aचिनी माती | ||
| 260 | _b"पुरंदरे प्रकाशन,१२२८ सदाशिव पेठ,पुणे -४११०३०" | ||
| 260 | _c2015 | ||
| 300 | _a365 | ||
| 600 | _aप्रभु मीना | ||
| 630 | _aचिनी माती | ||
| 700 | _aप्रभु मीना | ||
| 730 | _aचिनी माती | ||
| 942 | _cBOOK | ||
| 999 |
_c1343319 _d1343316 |
||